000 00664nam a22001817a 4500
999 _c14940
_d14940
003 OSt
082 _2631.3 DAS/DE
088 _aP 86
100 _aKINGSLING DAS J
_93813
245 _aDevelopment and testing of a modified arecanut harvester - cum- sprayer
260 _aTavanur 1998
_bDepartment of Farm Power Machinery and Energy
300 _a90
500 _aDevelopment and testing of a modified arecanut harvester - cum- sprayer
520 _aDevelopment and testing of a modified arecanut harvester - cum- sprayer
700 _aEr. Jayan P.R (Guide)
_93764
856 _uhttps://drive.google.com/open?id=1QH7tyJcFh1ZsqjO51-jy0g_sKFXXC4L6
942 _cPR